Kinh tế quản trị kinh doanh xây dựng
Vai trò và nhiệm vụ của ngành xây dựng. Những cơ sở lý luận về kinh tế trong đầu tư và thiết kế công trình xây dựng. Một số vấn đề quản lý Nhà nước đối với ngành xây dựng. quản lý sản xuất - kinh doanh ở các doanh nghiệp xây dựng...
Tallennettuna:
| Päätekijä: | |
|---|---|
| Aineistotyyppi: | Kirja |
| Kieli: | Undetermined |
| Julkaistu: |
Hà Nội
Khoa học Kỹ thuật
1996
|
| Aiheet: | |
| Tagit: |
Lisää tagi
Ei tageja, Lisää ensimmäinen tagi!
|
| Thư viện lưu trữ: | Trung tâm Học liệu Trường Đại học Cần Thơ |
|---|
| LEADER | 01056nam a2200217Ia 4500 | ||
|---|---|---|---|
| 001 | CTU_23888 | ||
| 008 | 210402s9999 xx 000 0 und d | ||
| 020 | |c 45000 | ||
| 082 | |a 658.15242 | ||
| 082 | |b Ch429 | ||
| 100 | |a Nguyễn, Văn Chọn | ||
| 245 | 0 | |a Kinh tế quản trị kinh doanh xây dựng | |
| 245 | 0 | |c Nguyễn Văn Chọn | |
| 260 | |a Hà Nội | ||
| 260 | |b Khoa học Kỹ thuật | ||
| 260 | |c 1996 | ||
| 520 | |a Vai trò và nhiệm vụ của ngành xây dựng. Những cơ sở lý luận về kinh tế trong đầu tư và thiết kế công trình xây dựng. Một số vấn đề quản lý Nhà nước đối với ngành xây dựng. quản lý sản xuất - kinh doanh ở các doanh nghiệp xây dựng | ||
| 650 | |a Construction,Managerial economics,Xây dựng,Kinh tế quản lý | ||
| 650 | |x Management,Quản lý | ||
| 904 | |i Phượng, 980528, lthieu | ||
| 980 | |a Trung tâm Học liệu Trường Đại học Cần Thơ | ||